Statistics for German Words for Animals (Madagascar)

Click here to take the quiz!

General Stats

  • This quiz has been taken 5 times
  • The average score is 5 of 12

Answer Stats

EnglishAnswer% Correct
ChameleonChamäleon
60%
FossaFossa/Frettkatze
60%
Aye-AyeFingertier/Aye-Aye
40%
Giraffe-Neck BeetleGiraffenhalskäfer
40%
IndriIndri
40%
Ring-Tail LenurKatta
40%
Madagascar Hissing CockroachMadagaskar-Fauchschabe
40%
Mouse LemurMausmaki
40%
(Streaked) TenrecStreifentenrek
40%
Leaf-Tailed GeckoBlattschwanzgecko
20%
Ring-Tailed Mongoose/Ring-tailed VontsiraRingelschwanzmungo
20%
Sifaka LemurSifaka-Lemur
20%

Score Distribution

Percentile by Number Answered

Percent of People with Each Score

Your Score History

You have not taken this quiz